000 00534nam a22002057a 4500
003 MPLRDC
005 20220104202520.0
008 210129b ||||| |||| 00| 0 eng d
020 _a7-80610-175-6
082 _a868.71 MH-9
100 _a云里风 主编
245 _a马汉文集
_c
250 _a初版一刷
260 _a中国
_b鹭江出版社
_c1995
300 _b
490 _a东南亚华文文学大系: 马来西亚卷
520 _a上架 2017-12-13。
650 _a马华文学
942 _cBK
_o868.71 MH-9
999 _c67677
_d67667